|
|
|
|
| LEADER |
00000cam a2200000 7i4500 |
| 001 |
0000012959 |
| 005 |
20080104.0 |
| 008 |
080104 |
| 020 |
|
|
|a 9830984923
|
| 090 |
0 |
0 |
|a 297.2112
|b BEL
|
| 245 |
1 |
0 |
|a Bela diri dengan Asma Al Husna :
|b Kekuatan Batin dengan kuasa ilahi
|
| 260 |
|
|
|a Selangor :
|b Pustaka Ilmi ,
|c 2003
|
| 650 |
|
0 |
|a God (Islam)
|x Attributes
|
| 650 |
|
0 |
|a God (Islam)
|x Name
|
| 650 |
|
0 |
|a Martial arts
|x Religious aspect
|x Islam
|
| 710 |
0 |
|
|a Title
|
| 999 |
|
|
|a 0001008991
|b Book
|c Adult Collection
|e Perbadanan Perpustakaan Awam Johor
|
| 999 |
|
|
|a 0001008992
|b Book
|c Adult Collection
|e Perbadanan Perpustakaan Awam Johor
|
| 999 |
|
|
|a 0001008993
|b Book
|c Adult Collection
|e Perbadanan Perpustakaan Awam Johor
|